| 000 | 00787nam a22002651 4500 | ||
|---|---|---|---|
| 001 | 33630 | ||
| 003 | BD-RjUL | ||
| 005 | 20211209052033.0 | ||
| 008 | 140510r19671966u 001 0 eng | ||
| 035 | _a(BD-RjUL)33721 | ||
| 035 | _a(OCoLC)1484786 | ||
| 040 |
_aDLC _cFM _dOCoLC _dDLC _dBD-RjUL _beng |
||
| 041 | _aeng | ||
| 082 |
_a301 _bSPS 1967 |
||
| 100 | 1 |
_aSprott, W. J. H. _q(Walter John Herbert), _d1897-1971. _988921 |
|
| 245 | 0 | 0 |
_aSociology / _cW.J.H. Sprott |
| 260 |
_aLondon : _bHutchinson's University Library, _cc1966 [Reprint 1967]. |
||
| 300 |
_a192 p. ; _c20 cm. |
||
| 504 | _aBibilography: p. 185-188 & Includes Index. | ||
| 650 | 0 |
_aSociology. _9101454 |
|
| 650 | 0 |
_aSocial psychology. _9101455 |
|
| 942 |
_2ddc _cBK |
||
| 999 |
_c33630 _d33630 |
||